LIBRARY & INFORMATION CENTRE, KCAET, TAVANUR

ONLINE PUBLIC ACCESS CATALOGUE (OPAC)

Ocean science and technology / (Record no. 10602)

MARC details
000 -LEADER
fixed length control field 00434cam a2200169ua 4500
020 ## - INTERNATIONAL STANDARD BOOK NUMBER
ISBN 81-237-0140-3
041 ## - LANGUAGE CODE
Language code of text/sound track or separate title eng
082 ## - DEWEY DECIMAL CLASSIFICATION NUMBER
Classification number 620.4162
Item number MAL/OC
100 ## - MAIN ENTRY--AUTHOR NAME
Personal name Malhotra, A K .
245 ## - TITLE STATEMENT
Title Ocean science and technology /
260 ## - PUBLICATION, DISTRIBUTION, ETC. (IMPRINT)
Place of publication India :
Name of publisher National Book Trust ,
Year of publication 1980.
300 ## - PHYSICAL DESCRIPTION
Number of Pages 182 ; .
942 ## - ADDED ENTRY ELEMENTS (KOHA)
Koha item type Books
Holdings
Withdrawn status Lost status Damaged status Home library Current library Date acquired Full call number Accession Number Koha item type
      KAUAET KAUAET 07/04/2012 620.4162 19553 Books
free website counter